<?xml version="1.0" encoding="UTF-8"?>
<record
    xmlns:xsi="http://www.w3.org/2001/XMLSchema-instance"
    xsi:schemaLocation="http://www.loc.gov/MARC21/slim http://www.loc.gov/standards/marcxml/schema/MARC21slim.xsd"
    xmlns="http://www.loc.gov/MARC21/slim">

  <leader>03505cam a22004574i 4500</leader>
  <controlfield tag="003">PE-LiUPU</controlfield>
  <controlfield tag="005">20250731165418.0</controlfield>
  <controlfield tag="008">151210s2010    pe a   grm    000 0 spa d</controlfield>
  <datafield tag="035" ind1=" " ind2=" ">
    <subfield code="a">(Sirsi) a155470</subfield>
  </datafield>
  <datafield tag="040" ind1=" " ind2=" ">
    <subfield code="a">PE-LiUPU</subfield>
    <subfield code="b">spa</subfield>
    <subfield code="c">PE-LiUPU</subfield>
    <subfield code="e">rda</subfield>
  </datafield>
  <datafield tag="082" ind1="0" ind2="4">
    <subfield code="a">268.86732984</subfield>
    <subfield code="b">A59 T3</subfield>
  </datafield>
  <datafield tag="099" ind1=" " ind2=" ">
    <subfield code="a">TT 3</subfield>
    <subfield code="b">A59 2010</subfield>
  </datafield>
  <datafield tag="100" ind1="1" ind2=" ">
    <subfield code="a">Antonio Ch&#xE1;vez, Rene Samuel</subfield>
    <subfield code="e">autor</subfield>
  </datafield>
  <datafield tag="245" ind1="1" ind2="3">
    <subfield code="a">Un estudio hist&#xF3;rico sobre el aporte de la educaci&#xF3;n adventista en la vida del ind&#xED;gena Aymara de Rosario 1920-1930 /</subfield>
    <subfield code="c">Rene Samuel Antonio Ch&#xE1;vez.</subfield>
  </datafield>
  <datafield tag="264" ind1=" " ind2="0">
    <subfield code="c">2010</subfield>
  </datafield>
  <datafield tag="300" ind1=" " ind2=" ">
    <subfield code="a">229 hojas : </subfield>
    <subfield code="b">ilustraciones;</subfield>
    <subfield code="c">28.5 cm</subfield>
  </datafield>
  <datafield tag="336" ind1=" " ind2=" ">
    <subfield code="a">text</subfield>
    <subfield code="2">rdacontent</subfield>
  </datafield>
  <datafield tag="337" ind1=" " ind2=" ">
    <subfield code="a">unmediated</subfield>
    <subfield code="2">rdamedia</subfield>
  </datafield>
  <datafield tag="338" ind1=" " ind2=" ">
    <subfield code="a">volume</subfield>
    <subfield code="2">rdacarrier</subfield>
  </datafield>
  <datafield tag="502" ind1=" " ind2=" ">
    <subfield code="a">Tesis</subfield>
    <subfield code="b">(Mg.) -- </subfield>
    <subfield code="c">Universidad Peruana Uni&#xF3;n,</subfield>
    <subfield code="d">2010.</subfield>
  </datafield>
  <datafield tag="504" ind1=" " ind2=" ">
    <subfield code="a">Incluye referencias</subfield>
  </datafield>
  <datafield tag="520" ind1="3" ind2=" ">
    <subfield code="a">Este trabajo es de car&#xE1;cter hist&#xF3;rico-documental. La investigaci&#xF3;n es un estudio basado principalmente en fuentes primarias in&#xE9;ditas, publicadas y orales desde 1920 hasta 1930. Asimismo se realiza una valoraci&#xF3;n e interpretaci&#xF3;n cr&#xED;tica de lo acontecido en el altiplano de Rosario. El investigador se propone: primero, a trav&#xE9;s de lo examinado, identificar el aporte social, f&#xED;sico, mental y espiritual de la educaci&#xF3;n adventista en la vida de la ind&#xED;gena del altiplano de Bolivia. Segundo, la relevancia de la educaci&#xF3;n cristiana ense&#xF1;ada y practicad en sus or&#xED;genes. Marcos Chuquimia, en su obra Breve rese&#xF1;a hist&#xF3;rica de la Iglesia Adventista de Bolivia en Rosario, realiza una descripci&#xF3;n de lo que oy&#xF3; y vio en Rosario. S&#xF3;lo menciona c&#xF3;mo ocurrieron los acontecimientos y trata de hacerlo en forma cronol&#xF3;gica. La producci&#xF3;n de Niels Wensell Semblanzas de un misionero es la descripci&#xF3;n de la experiencia vivida por &#xE9;l. Wensell principalmente identifica algunas dificultades que enfrent&#xF3; en el territorio rosarino debido a que &#xE9;l no pudo adaptarse al h&#xE1;bitat de Rosario. La tesis de maestr&#xED;a Miguel Salom&#xF3;n "Una rese&#xF1;a hist&#xF3;rica del Colegio Adventista de Bolivia y su aporte a la Iglesia Adventista de Bolivia" e "Historia de la Universidad Adventista de Bolivia" centran su estudio en Collana y su repercusi&#xF3;n en la Universidad Adventista de Bolivia en el periodo de 1929 al a&#xF1;o 2000. Sin embargo, como parte del contexto menciona la experiencia vivida en Rosario. Posteriormente en su tesis doctoral "Estudio Hist&#xF3;rico de los factores que incidieron en el desarrollo de la Iglesia Adventista del S&#xE9;ptimo D&#xED;a en Bolivia (1907 - 1977), Educaci&#xF3;n -Obra m&#xE9;dica-Publicaciones Evangelizaci&#xF3;n-Finanzas" analiza, eval&#xFA;a y describe la labor educativa adventista de Rosario a favor del desarrollo de la IASD. Finalmente, el art&#xED;culo que public&#xF3; "La educaci&#xF3;n cristiana, factor determinante para el establecimiento del adventismo en Bolivia" es un reconocimiento y destaque a la labor educativa desarrollada en Rosario en favor de la iglesia adventista.</subfield>
  </datafield>
  <datafield tag="526" ind1=" " ind2=" ">
    <subfield code="a">SEG44</subfield>
  </datafield>
  <datafield tag="526" ind1=" " ind2=" ">
    <subfield code="a">SEG26</subfield>
  </datafield>
  <datafield tag="526" ind1=" " ind2=" ">
    <subfield code="a">P151</subfield>
  </datafield>
  <datafield tag="526" ind1=" " ind2=" ">
    <subfield code="a">P150</subfield>
  </datafield>
  <datafield tag="526" ind1=" " ind2=" ">
    <subfield code="a">P149</subfield>
  </datafield>
  <datafield tag="526" ind1=" " ind2=" ">
    <subfield code="a">P146</subfield>
  </datafield>
  <datafield tag="526" ind1=" " ind2=" ">
    <subfield code="a">P145</subfield>
  </datafield>
  <datafield tag="526" ind1=" " ind2=" ">
    <subfield code="a">P126</subfield>
  </datafield>
  <datafield tag="526" ind1=" " ind2=" ">
    <subfield code="a">P125</subfield>
  </datafield>
  <datafield tag="526" ind1=" " ind2=" ">
    <subfield code="a">P92</subfield>
  </datafield>
  <datafield tag="526" ind1=" " ind2=" ">
    <subfield code="a">P75</subfield>
  </datafield>
  <datafield tag="526" ind1=" " ind2=" ">
    <subfield code="a">P74</subfield>
  </datafield>
  <datafield tag="526" ind1=" " ind2=" ">
    <subfield code="a">P27</subfield>
  </datafield>
  <datafield tag="526" ind1=" " ind2=" ">
    <subfield code="a">P15</subfield>
  </datafield>
  <datafield tag="650" ind1="0" ind2="4">
    <subfield code="a">Educaci&#xF3;n adventista</subfield>
    <subfield code="x">Historia</subfield>
    <subfield code="z">Rosario (Pueblo de Bolivia)</subfield>
    <subfield code="v">Tesis.</subfield>
  </datafield>
  <datafield tag="596" ind1=" " ind2=" ">
    <subfield code="a">1</subfield>
  </datafield>
  <datafield tag="942" ind1=" " ind2=" ">
    <subfield code="2">ddc</subfield>
    <subfield code="c">TESIS</subfield>
  </datafield>
  <datafield tag="999" ind1=" " ind2=" ">
    <subfield code="a">TT 3 A59 2010</subfield>
    <subfield code="w">ALPHANUM</subfield>
    <subfield code="c">8149</subfield>
    <subfield code="i">T01166</subfield>
    <subfield code="l">CCODEBUL3</subfield>
    <subfield code="m">BUL</subfield>
    <subfield code="r">1</subfield>
    <subfield code="s">Y</subfield>
    <subfield code="t">TESIS</subfield>
    <subfield code="u">2015-12-10</subfield>
    <subfield code="x">POSGRADO</subfield>
    <subfield code="P">P85</subfield>
    <subfield code="o">.STAFF. Tesis</subfield>
    <subfield code="d">8149</subfield>
  </datafield>
  <datafield tag="980" ind1=" " ind2=" ">
    <subfield code="8">1</subfield>
    <subfield code="g">ALBERTO SANCHEZ Responsable de Automatizaci&#xF3;n</subfield>
  </datafield>
  <datafield tag="952" ind1=" " ind2=" ">
    <subfield code="r">2024-05-23 18:28:22</subfield>
    <subfield code="l">0</subfield>
    <subfield code="o">TT 3 A59 2010</subfield>
    <subfield code="p">T01166</subfield>
    <subfield code="t">e1</subfield>
    <subfield code="w">2015-12-10</subfield>
    <subfield code="x">PG</subfield>
    <subfield code="y">TESIS</subfield>
    <subfield code="z">Este &#xCD;tem NO se presta por ser Ejemplar #1.</subfield>
    <subfield code="1">0</subfield>
    <subfield code="2">ddc</subfield>
    <subfield code="7">1</subfield>
    <subfield code="8">TESIS</subfield>
    <subfield code="f">P85</subfield>
    <subfield code="a">BUL</subfield>
    <subfield code="b">BUL</subfield>
    <subfield code="c">TESIS</subfield>
    <subfield code="d">2015-12-10</subfield>
  </datafield>
</record>
